Color : la guía más completa /
Contiene: 0) Introducción. 1) Definiciones: El color en su contexto; La teoría del color; Sistemas de color; La creación del color. 2) La vida en color: Tendencias cromáticas; El color en la vivienda; El color en la arquitectura; El color en la fotografía; El color en el cine; El color en el arte. 3...
Gespeichert in:
| 1. Verfasser: | |
|---|---|
| Weitere Verfasser: | , |
| Format: | Buch |
| Sprache: | Spanisch |
| Veröffentlicht: |
Colonia, Alemania :
Evergreen,
2006, c2006
|
| Schlagworte: | |
| Tags: |
Keine Tags, Fügen Sie das erste Tag hinzu!
|
MARC
| LEADER | 00000nam^a2200000^a^4500 | ||
|---|---|---|---|
| 001 | 000192493 | ||
| 005 | 20250521000000.0 | ||
| 009 | 20260310102607.638 | ||
| 020 | |a 3-8228-4167-6 | ||
| 037 | |a Acervo ITESO - Biblioteca | ||
| 041 | |a ESP | ||
| 082 | |a 701. 8 |b FRA | ||
| 100 | |a Fraser, Tom |e (autor) | ||
| 240 | 1 | 1 | |a [Color: la guía más completa] |
| 245 | 1 | 0 | |a Color : |b la guía más completa / |c T. Fraser, A. Banks ; ed. de A. Campbell ; tr. por Carme Franch. |
| 264 | 4 | |a Colonia, Alemania : |b Evergreen, |c 2006, c2006 | |
| 300 | |a 224 p. | ||
| 336 | |a texto |b txt |2 rdacontenido | ||
| 337 | |a sin mediación |b n |2 rdamedio | ||
| 338 | |a volumen |b nc |2 rdasoporte | ||
| 500 | |a Traducción de: The Complete Guide to Color: Theory and Application | ||
| 520 | |a Contiene: 0) Introducción. 1) Definiciones: El color en su contexto; La teoría del color; Sistemas de color; La creación del color. 2) La vida en color: Tendencias cromáticas; El color en la vivienda; El color en la arquitectura; El color en la fotografía; El color en el cine; El color en el arte. 3) Diseñar en color: La composición cromática; El color en la edición; El color en las tiendas; El color en las marcas y la publicidad; El color en Internet. 4) El color digital: Diseños para la pantalla; Capturar el color; Imprimir en color; La visualización del color; La manipulación de la imagen; Dibujo lineal en color. Glosario. | ||
| 649 | |a XX | ||
| 650 | |a Color - |x Tema Principal | ||
| 650 | |a Fotografía en Color - |x Técnica | ||
| 650 | |a Cine en Color - |x Técnica | ||
| 650 | |a Diseño - |x Técnica | ||
| 650 | |a Dibujo - |x Técnica | ||
| 650 | |a Pintura - |x Técnica | ||
| 650 | |a Decoración y Ornamentación - |x Técnica | ||
| 650 | |a Arquitectura - |x Técnica | ||
| 650 | |a Arte - |x Técnica | ||
| 700 | |a Banks, Adam |e (autor) | ||
| 700 | |a Campbell, Alastair |e (edición) | ||
| 910 | |a Fondo General | ||
| 920 | |a Impresos - Libros | ||
| 930 | |a Colección General | ||
| 905 | |a 101 | ||
| 901 | |a 0500136791 |b IT1 |c ACC |u 20250521 | ||
| 902 | |a https://opac.biblio.iteso.mx/vufind/Record/000192493 | ||